عرض عادي عرض مارك
  • Ciampa, Mark D.,

مدخل إسم شخص

عدد التسجيلات المستخدمة في: 1

001 - رقم الضبط

  • حقل الضبط: 58417

003 - معرف رقم الضبط

  • حقل الضبط: OSt

005 - تاريخ ووقت أخر عملية

  • حقل الضبط: 20170803195017.0

008 - عناصر بيانات ثابتة الطول

  • حقل تحكم ثابت الطول: 170803|| aca||aabn | a|a d

040 ## - مصدر الفهرسة

  • هيئة الفهرسة الأصلية: OSt
  • وكالة الكتابة: OSt

100 ## - مدخل -- أسم شخص

  • إسم شخص: Ciampa, Mark D.,
  • مصطلح الرابط: author.

670 ## - بيانات المصدر موجوده

  • الاستشهاد بالمصدر: Work cat.: (OSt)0: Ciampa, Mark D., author., Security+ guide to network security fundamentals /